00773nam a22002177a 4500003000900000005001700009007000300026008003900029020001800068040002500086082001300111100003700124245015100161260003600312300002600348490002300374500004600397700005000443700004100493830002100534DO-SdBNP20230417153919.0ta100322s2017 dr a 000 0 spa d a9789945089950 aDO-SdBNPbspacBNPHU 4bM3852221 aMartínez de Macarrulla, Lidia 10aPor los senderos de la vida /cLidia Martínez de Macarrulla ; prólogo Homero Luis Lajara Solá ; ilustraciones Moisés Alberto Feliz Peña  aSanto Domingo :bBúho,c2017. a163 p. :bil.c23 cm.1 aCuentos sociales ; aIncluye datos biográficos de la autora.1 aLajara Burgos, Luis Homero,d1920-1994eprol.1 aFeliz Peña, Moisés Alberto,eil. 0aCuentos sociales